Match the SEC Team to Their School and Colors - Statistics

General Stats
  • This quiz has been taken 22 times
  • The average score is 13 of 16
Answer Stats
School Team Colors Team Nickname % Correct
Georgia Red, Black Bulldogs
95%
Alabama Crimson, White Crimson Tide
95%
Florida Orange, Blue Gators
90%
LSU Purple, Gold Tigers
90%
South Carolina Garnet, Black Gamecocks
86%
Texas Burnt Orange, White Longhorns
86%
Arkansas Cardinal Red, White Razorbacks
86%
Ole Miss Red, Navy Blue Rebels
81%
Auburn Burnt Orange, Navy Blue Tigers
81%
Tennessee Orange, White Volunteers
81%
Texas A&M Maroon, White Aggies
76%
Oklahoma Crimson, Cream Sooners
76%
Vanderbilt Black, Gold Commodores
71%
Missouri Black, Gold Tigers
71%
Kentucky Blue, White Wildcats
71%
Mississippi State Maroon, White Bulldogs
67%
No matching quizzes found
Score Distribution
Percent of People with Each Score
Percentile by Number Answered
Your Score History
You have not taken this quiz